Respuesta de Bernardo Aldrete al caso sobre la obligación de un sacerdote casi ciego para decir una misa votiva

Detalles Bibliográficos
Otros Autores: Bernardo de Aldrete, Antonio Pérez, Martín López de Hontiveros
Formato: Libro
Publicado: Salamanca, 1637
Materias:
Colección:Banco de datos
Acervo:Biblioteca Palafoxiana. Colección de Manuscritos
Descripción Física:2 f. ; 21 x 30 cm.
Tema general:Eclesiástica
LEADER 00536nam a22001690004500
035 |a 1401 
245 1 0 |a Respuesta de Bernardo Aldrete al caso sobre la obligación de un sacerdote casi ciego para decir una misa votiva 
260 |a Salamanca, 1637 
300 |a 2 f. ; 21 x 30 cm.  
650 1 0 |a Eclesiástica 
700 1 |a Bernardo de Aldrete 
700 1 |a Antonio Pérez 
700 1 |a Martín López de Hontiveros 
949 |a 32280/156 
942 |c PALAMANU 
943 |g Biblioteca Palafoxiana. Colección de Manuscritos 
999 |c 1069346  |d 1069346